| 000 | 00387nam a2200157Ia 4500 | ||
|---|---|---|---|
| 003 | Ost | ||
| 005 | 20260225132558.0 | ||
| 008 | 260225s9999||||xx |||||||||||||| ||und|| | ||
| 040 | _cfsic | ||
| 041 | _afre | ||
| 082 | _a302.23 | ||
| 100 |
_aBelkadi omar _eAuteur |
||
| 245 | 0 | _aTic les technologies de l'information et de la communication / | |
| 245 | 0 | _cBelkadi omar | |
| 942 | _cكتاب | ||
| 999 |
_c34572 _d34572 |
||